Historiaa kirjaimittain - F - Statistics

Yleistilastot
  • Tätä visaa on pelattu 1 274 kertaa
  • Keskiarvotulos 11 / 22
Vastaustilastot
Vihje Vastaus % Oikein
Muinaisen Egyptin hallitsijan arvonimi Faarao
99%
Juutalainen päiväkirjan kirjoittaja, joka piileskeli ullakolla Amsterdamissa Anne Frank
82%
Mussolinin poliittinen aate Fasismi
79%
Nimitys yli 10 000 vuotta sitten eläneen eliön jäännöksille Fossiili
79%
Ensimmäisenä kokoonpanolinjoja autoteollisuudessa käyttänyt liikemies Henry Ford
74%
Itävaltalainen psykoanalyysin kehittäjä Sigmund Freud
69%
Renessanssin aikaisen Italian suosittu seinämaalaustyyppi Fresko
65%
Argentiinan ja Yhdistyneen kuningaskunnan välinen sota Falklandin sota
59%
Espanjan diktaattori 1939–1975 Francisco Franco
58%
Hänen salamurhansa aloitti ensimmäisen maailmansodan Frans Ferdinand
55%
Medicien kotikaupunki Firenze
52%
Espanjan Yhdysvalloille vuonna 1819 luovuttama alue Florida
49%
Nimitys antiikin Rooman kaupunkien aukioille Forum
43%
Keskiaikainen läänityksiin perustunut järjestelmä Feodalismi
38%
Nykyisen kaltaisen aakkosjärjestelmän kehittänyt muinainen merenkulkijakansa Foinikialaiset
34%
Valistuneena itsevaltiaana tunnettu Preussin "suuri" kuningas Fredrik Suuri
29%
Penisilliinin keksijä Alexander Fleming
24%
Yksi Yhdysvaltain vallankumouksen johtajista, joka teki sähköön liittyviä kokeita Benjamin Franklin
24%
Muun muassa Goethe kirjoitti tästä sielunsa paholaiselle myyneestä hahmosta Faust
21%
Sähkömagnetismin tutkimuksen uranuurtaja Michael Faraday
19%
Manner-Kiinassa kielletty fyysisiä ja henkisiä harjoitteita sisältävä uususkonto Falun Gong
11%
Colosseumin antiikin aikainen nimi {Flaviusten} amfiteatteri
5%
Ehtoja vastaavia visoja ei löytynyt
Tulosjakauma
Jokaisen tuloksen saaneiden osuus
Persentiili vastausten määrän mukaan
Tuloshistoriasi
Et ole pelannut tätä visaa